| 000 | 01034nam a22003017a 4500 | ||
|---|---|---|---|
| 001 | 8295 | ||
| 003 | FISKH | ||
| 005 | 20250908150908.0 | ||
| 008 | 250908b cb ||||| |||| 00| 0 eng d | ||
| 020 | _a0590056999 | ||
| 040 |
_aFISKH _beng _cFISKH _dFISKH |
||
| 050 | _aPZ8.Z38 R | ||
| 082 | _a398.2 | ||
| 100 |
_aO.Zelinsky, Paul _d(1953-) |
||
| 245 |
_aRumpelstiltskin / _cFrom the German of the brothers Grimm ; Retold & Illustrated by Paul O.Zelinsky |
||
| 250 | _aThis edition first published in 1997 | ||
| 260 |
_aNew York : _bScholastic, _c1986 |
||
| 300 |
_a35 unnumbered pages : _bcolor illustrations ; _c29 cm |
||
| 505 | _aR | ||
| 520 | _aA strange little man helps the miller's daughter spin straw into gold for the king on the condition that she will give him her first-born child. | ||
| 521 | 8 |
_a740
_bLexile |
|
| 521 | 8 |
_aR
_bRaz-Plus |
|
| 650 |
_2Brothers Grimm _aFairy tales |
||
| 650 |
_2Spinning _aTraditional |
||
| 700 |
_aO.Zelinsky, Paul _dillustrator |
||
| 942 |
_2ddc _cBK _n0 |
||
| 999 |
_c8295 _d8295 |
||